Music Quiz

Random Music or Song Quiz

Creedence Clearwater Revival Songs Quiz Stats

 Plays Quiz not verified by Sporcle

Challenge
Share
Tweet
Embed
Score 0/65 Timer 12:00
0 Plays Today
% Correct
Green River
89%
Proud Mary
88%
Down on the Corner
86.1%
Fortunate Son
82.8%
Suzie Q
82.3%
Bad Moon Rising
82.3%
Have You Ever Seen the Rain?
80.9%
Born on the Bayou
79.4%
Lodi
78.9%
Who'll Stop the Rain
77.5%
Lookin' Out My Back Door
73.2%
Travelin' Band
72.2%
I Heard it Through the Grapevine
67.9%
Run Through the Jungle
67%
Up Around the Bend
66.5%
I Put a Spell on You
62.7%
Sweet Hitch-Hiker
61.2%
Commotion
57.4%
Hey Tonight
55.5%
Someday Never Comes
53.6%
Long as I Can See the Light
52.6%
The Midnight Special
49.8%
Cotton Fields
48.8%
Good Golly Miss Molly
46.9%
It Came out of the Sky
46.9%
Keep on Chooglin'
45.9%
Ramble Tamble
45.5%
Effigy
44.5%
Tombstone Shadow
44%
Molina
43.1%
Walk on the Water
42.6%
Wrote a Song for Everyone
41.6%
Hello Mary Lou
41.6%
% Correct
Bootleg
40.7%
Pagan Baby
40.7%
Before You Accuse Me
39.7%
Ooby Dooby
39.7%
The Night Time is the Right Time
37.8%
Porterville
36.8%
Graveyard Train
36.8%
Penthouse Pauper
36.4%
Born to Move
36.4%
Poorboy Shuffle
34.9%
Feelin' Blue
34.4%
Cross-Tie Walker
33%
Sinister Purpose
33%
Gloomy
32.5%
Door to Door
32.5%
My Baby Left Me
32.1%
Ninety-Nine and a Half (Won't Do)
31.6%
Don't Look Now
31.6%
(Wish I Could) Hideaway
31.6%
Sailor's Lament
30.6%
Chameleon
29.2%
The Working Man
28.2%
Lookin' for a Reason
28.2%
Side o' the Road
27.8%
It's Just a Thought
27.8%
Tearin' Up the Country
27.8%
Rude Awakening #2
25.4%
Sail Away
24.4%
Get Down Woman
23.4%
Take it Like a Friend
20.1%
Need Someone to Hold
18.7%
What Are You Gonna Do?
14.4%

You're not logged in!

Compare scores with friends on all Sporcle quizzes.
Join for Free
OR
Log In

You Might Also Like...

Show Comments

Extras

Top Quizzes Today


Score Distribution

Your Account Isn't Verified!

In order to create a playlist on Sporcle, you need to verify the email address you used during registration. Go to your Sporcle Settings to finish the process.

Report this User

Report this user for behavior that violates our Community Guidelines.

Details: